000
00304nam a2200121Ia 4500
005
20251222144823.0
008
251222s9999||||xx |||||||||||||| ||spa||
082
_a
510.332/C14
100
_a
Ccace, Francisco
245
0
_a
Raccolta Di Esercizi Di MatemÃtica Finanziaria
264
_b
Bozzi
942
_c
LIB
999
_c
20543
_d
20543